Statistics for Panama Or Costa Rica

Click here to take the quiz!

General Stats

  • This quiz has been taken 50 times
  • The average score is 6 of 7

Answer Stats

QuestionAnswer% Correct
The Only North American Country to touch South AmericaPanama
98%
Whose Flag Has StarsPanama
93%
Who Has No MilitaryCosta Rica
88%
One Of The World Most Happiest CountriesCosta Rica
86%
The Only Place In The World where you can see the sun rise On The Pacific and set On The AtlanticPanama
79%
Higher Population Of The TwoCosta Rica
60%
Larger Area Of The TwoPanama
57%

Score Distribution

Percentile by Number Answered

Percent of People with Each Score

Your Score History

You have not taken this quiz